Essentials of Risk Management: Volume 2, (Record no. 5737)

MARC details
005 - DATE AND TIME OF LATEST TRANSACTION
control field 20250627160057.0
082 ## - DEWEY DECIMAL CLASSIFICATION NUMBER
Classification number 658HEA
100 ## - MAIN ENTRY--PERSONAL NAME
Author name HEAD, G. L.
245 ## - TITLE STATEMENT
Title Essentials of Risk Management: Volume 2,
250 ## - EDITION STATEMENT
Edition statement 3rd Ed.
260 ## - PUBLICATION, DISTRIBUTION, ETC.
Place of publication, distribution, etc. New York,
Name of publisher, distributor, etc. Insurance Institute of America,
Date of publication, distribution, etc. 1997.
300 ## - PHYSICAL DESCRIPTION
Extent vi,276p,: ill.; figure, table
Other physical details Index
Dimensions 25cm
700 ## - ADDED ENTRY--PERSONAL NAME
Other authors/Editors HORN II, S.
942 ## - ADDED ENTRY ELEMENTS (KOHA)
Source of classification or shelving scheme Dewey Decimal Classification
Koha item type Books
Holdings
Date last seen Total checkouts Full call number Barcode Cost, replacement price Price effective from Koha item type Lost status Source of classification or shelving scheme Damaged status Not for loan Withdrawn status Home library Current library Shelving location Date acquired Cost, normal purchase price
06/27/2025   658HEA DOM0004189 12000.00 06/27/2025 Books   Dewey Decimal Classification       CBE Dodoma CBE Dodoma General Collection 04/26/1999 40000.00